| 000 | 01659nam a2200253 a 4500 | ||
|---|---|---|---|
| 001 | 52653 | ||
| 003 | BD-RjUL | ||
| 005 | 20211209075835.0 | ||
| 008 | 160924s1869 enk 0 eng d | ||
| 035 | _a(BD-RjUL)52773 | ||
| 035 | _a835114 | ||
| 040 |
_aNUN _beng _cNUN _dANL |
||
| 041 | _aeng | ||
| 082 | 0 | 4 |
_a421.52 _bELE 1969 |
| 100 | 1 |
_aEllis, Alexander J., _d1814-1890. _9157439 |
|
| 245 | 1 | 0 |
_aOn early English pronunciation with especial reference to Shakspere and Chaucer : _bcontaining an investigation of the correspondence of writing with speech in England from the Anglosaxon period to the present day / _c preceded by a systematic notation of all spoken sounds by means of the ordinary printing types, including a rearrangement of Prof. F.J.Child's memoirs on the language of Chaucer and Gower and reprints of the rare tracts by Salesbury on English, 1517, and Welch, 1567, and by Barc. |
| 260 |
_aLond. : _bPub. for the Philological Soc. by Asher, _c1869 : _bPub. for the Early English Text Soc. and the Chaucer Soc. by O.U.P., |
||
| 300 |
_a2 part. ; _c21 cm. |
||
| 490 | 1 |
_aExtra seriesPub. for the Early English Text Soc. and the Chaucer Soc. by O.U.P., / (Early English Text Society ; _vno.7) |
|
| 505 | 0 | _a Pt. 1 On the pronounciations of the XIVth, XVIth, XVIIth and XVIIIth centuries Pt.2, On the pronunciation of the Xiiith and previous centuries of Anglosaxon, Icelandic, Old Norse and Gothic, with chronological tables of the value of letters and expressions of sound in English writing. | |
| 650 | 0 |
_aEnglish language _xPronunciation. _9117012 |
|
| 830 | 0 |
_aEarly English Text Society (Series). _vno.7. _9157441 |
|
| 942 |
_2ddc _cBK |
||
| 999 |
_c52653 _d52653 |
||